Southville International School and Colleges
Your cart is empty.
  • Cart
  • Lists
    Public lists Eva Luna New books Lux_list list_1
    Your lists Log in to create your own lists
  • Log in to your account
  • Your cookies
  • Search history
Southville International School and Colleges
  • Advanced search
  • Recent comments
  • Most popular
  • Libraries

Log in to your account

Log in with GOOGLE


If you do not have an external account, but do have a local account, you can still log in:

  1. Home
  2. MARC view: Management :
Normal view MARC view ISBD view

Management : (Record no. 288675)

[ view plain ]
MARC details
000 -LEADER
fixed length control field 00616nam a2200193 a 4500
003 - CONTROL NUMBER IDENTIFIER
control field PILC
005 - DATE AND TIME OF LATEST TRANSACTION
control field 20150916085204.0
008 - FIXED-LENGTH DATA ELEMENTS--GENERAL INFORMATION
fixed length control field 080812s 000 0 eng d
020 ## - INTERNATIONAL STANDARD BOOK NUMBER
International Standard Book Number 9719143231
050 00 - LIBRARY OF CONGRESS CALL NUMBER
Classification number HD 31
Item number .M567 2002
100 1# - MAIN ENTRY--PERSONAL NAME
Personal name Miranda, Gregorio S.
245 10 - TITLE STATEMENT
Title Management :
Remainder of title principles & practices /
Statement of responsibility, etc by Gregorio S. Miranda and Carmelita M. Miranda-Gow.
250 ## - EDITION STATEMENT
Edition statement Updated edition, 2002.
260 ## - PUBLICATION, DISTRIBUTION, ETC. (IMPRINT)
Place of publication, distribution, etc Manila :
Name of publisher, distributor, etc L & G. Business House,
Date of publication, distribution, etc 2002.
300 ## - PHYSICAL DESCRIPTION
Extent xiv, 381 pages :
Other physical details illustrations ;
Dimensions 23 cm.
650 #0 - SUBJECT ADDED ENTRY--TOPICAL TERM
Topical term or geographic name as entry element Management.
700 1# - ADDED ENTRY--PERSONAL NAME
Personal name Gow, Carmelita M. Miranda.
942 ## - ADDED ENTRY ELEMENTS (KOHA)
Source of classification or shelving scheme Library of Congress Classification
Koha item type Books
Call number prefix Local
Holdings
Withdrawn status Lost status Source of classification or shelving scheme Damaged status Home library Current library Shelving location Date acquired Source of acquisition Sub Shelving location Total Checkouts Full call number Barcode Date last seen Price effective from Koha item type
    Library of Congress Classification   College Library College Library Filipiniana Section 09/16/2015 Donation     HD 31 .M567 2002 C20012 05/08/2018 09/16/2015 Books

Management :

APA

Miranda G. S., Gow C. M. M., . (2002). Management. Manila: L & G. Business House.

Chicago

Miranda Gregorio S, Gow Carmelita M Miranda, . 2002. Management. Manila: L & G. Business House.

Harvard

Miranda G. S., Gow C. M. M., . (2002). Management. Manila: L & G. Business House.

MLA

Miranda Gregorio S, Gow Carmelita M Miranda, . Management. Manila: L & G. Business House. 2002.

  • Place hold
  • Print
  • Cite
  • Add to your cart (remove)
  • Save record
    BIBTEX Dublin Core MARCXML MARC (non-Unicode/MARC-8) MARC (Unicode/UTF-8) MARC (Unicode/UTF-8, Standard) MODS (XML) RIS
  • More searches
    Search for this title in:
    Other Libraries (WorldCat) Other Databases (Google Scholar) Online Stores (Bookfinder.com) Open Library (openlibrary.org)

Exporting to Dublin Core...

SOUTHVILLE LIBRARY

Southville International School and Colleges Library

1281 Tropical Ave. Cor. Luxembourg St., BF Homes International, Las Pinas City

Tel. No. 8256374 / 252358 Loc. 117/146

Powered by Koha